[Event "FICGS rapid B 000320 email"]
[Site "FICGS email"]
[Date "2019.05.18"]
[Round "1"]
[White "Perez, Alberto"]
[Black "Mag, James"]
[Result "0-1"]
[WhiteElo "1710"]
[BlackElo "2100"]
[PlyCount "28"]
[EventDate "2019.??.??"]
[EventType "tourn (rapid)"]
[EventRounds "6"]
[SourceTitle "Corr 2022"]
[Source "ChessBase"]
[SourceDate "2021.10.24"]
[SourceVersion "1"]
[SourceVersionDate "2021.10.24"]
[SourceQuality "1"]

1. c4 Nf6 2. Nc3 e5 3. d3 Nc6 4. g3 Bb4 5. Bd2 0-0 6. Bg2 Bxc3 7. Bxc3 d5 8. Nf3 d4 9. Bd2 e4 10. Ng5 exd3 11. exd3 Re8+ 12. Ne4 Bg4 13. f3 Nxe4 14. dxe4 Rxe4+ 0-1

[Event "FICGS rapid B 000306 email"]
[Site "FICGS email"]
[Date "2018.12.09"]
[Round "1"]
[White "Perez, Alberto"]
[Black "Vollmer, Steve"]
[Result "0-1"]
[WhiteElo "1790"]
[BlackElo "1781"]
[PlyCount "26"]
[EventDate "2018.??.??"]
[EventType "tourn (rapid)"]
[EventRounds "6"]
[SourceTitle "Corr 2022"]
[Source "ChessBase"]
[SourceDate "2021.10.24"]
[SourceVersion "1"]
[SourceVersionDate "2021.10.24"]
[SourceQuality "1"]

1. c4 c5 2. Nc3 Nf6 3. g3 e6 4. d4 d5 5. Bg5 dxc4 6. Qa4+ Bd7 7. Qxc4 cxd4 8. Qxd4 Be7 9. Nf3 Nc6 10. Qc4 0-0 11. Bg2 Rc8 12. 0-0 Qa5 13. Qb3 Nd4 0-1

[Event "FICGS rapid B 000296 email"]
[Site "FICGS email"]
[Date "2018.09.26"]
[Round "1"]
[White "Perez, Alberto"]
[Black "Vollmer, Steve"]
[Result "0-1"]
[WhiteElo "1800"]
[BlackElo "1792"]
[PlyCount "68"]
[EventDate "2018.??.??"]
[EventType "tourn (rapid)"]
[EventRounds "6"]
[SourceTitle "Corr 2022"]
[Source "ChessBase"]
[SourceDate "2021.10.24"]
[SourceVersion "1"]
[SourceVersionDate "2021.10.24"]
[SourceQuality "1"]

1. c4 c5 2. Nf3 Nf6 3. g3 e6 4. d4 d5 5. Nc3 dxc4 6. Qa4+ Bd7 7. Qxc4 cxd4 8. Nxd4 Nc6 9. Nf3 Bb4 10. Bd2 Qe7 11. Bg2 Rc8 12. 0-0 0-0 13. Qh4 e5 14. Rad1 Rfd8 15. Ng5 Bxc3 16. Bxc3 Bf5 17. e4 Bg6 18. Bh3 Rxd1 19. Rxd1 Rd8 20. Rxd8+ Qxd8 21. Bf5 Bxf5 22. exf5 Qd3 23. f4 Qxf5 24. fxe5 Nxe5 25. Qd4 Ned7 26. Qf4 Qxf4 27. gxf4 h6 28. Nf3 Nd5 29. Bd2 N7f6 30. Ne5 Ne4 31. Bc1 f5 32. Kg2 Kf8 33. h4 Ke7 34. h5 Nef6 0-1

[Event "FICGS rapid B 000293 email"]
[Site "FICGS email"]
[Date "2018.08.30"]
[Round "1"]
[White "Gossmann, Ewald J"]
[Black "Perez, Alberto"]
[Result "1-0"]
[WhiteElo "1990"]
[BlackElo "1730"]
[PlyCount "29"]
[EventDate "2018.??.??"]
[EventType "tourn (rapid)"]
[EventRounds "6"]
[SourceTitle "Corr 2022"]
[Source "ChessBase"]
[SourceDate "2021.10.24"]
[SourceVersion "1"]
[SourceVersionDate "2021.10.24"]
[SourceQuality "1"]

1. c4 Nf6 2. Nc3 g6 3. d4 d5 4. cxd5 Nxd5 5. e4 Nxc3 6. bxc3 Bg7 7. Nf3 c5 8. Rb1 0-0 9. Be2 Nc6 10. d5 Ne5 11. Nxe5 Bxe5 12. Qd2 f5 13. f4 Bxc3 14. Qxc3 fxe4 15. Bb2 1-0

[Event "FICGS rapid B 000293 email"]
[Site "FICGS email"]
[Date "2018.08.30"]
[Round "1"]
[White "Vollmer, Steve"]
[Black "Perez, Alberto"]
[Result "0-1"]
[WhiteElo "1703"]
[BlackElo "1730"]
[PlyCount "50"]
[EventDate "2018.??.??"]
[EventType "tourn (rapid)"]
[EventRounds "6"]
[SourceTitle "Corr 2022"]
[Source "ChessBase"]
[SourceDate "2021.10.24"]
[SourceVersion "1"]
[SourceVersionDate "2021.10.24"]
[SourceQuality "1"]

1. e4 e5 2. Nf3 Nc6 3. Bb5 Bc5 4. 0-0 Nge7 5. c3 d5 6. Nxe5 0-0 7. Nxc6 bxc6 8. Bd3 f5 9. exf5 Nxf5 10. Bxf5 Bxf5 11. d4 Bd6 12. Nd2 Bd3 13. Nf3 Bxf1 14. Kxf1 Qf6 15. Qc2 Rae8 16. Bg5 Qf7 17. Re1 Rxe1+ 18. Kxe1 Qh5 19. Be3 g5 20. Nxg5 Qxh2 21. c4 Bb4+ 22. Ke2 Qh5+ 23. Kf1 Qh1+ 24. Ke2 Qe1+ 25. Kd3 Qf1+ 0-1

[Event "FICGS rapid B 000291 email"]
[Site "FICGS email"]
[Date "2018.08.09"]
[Round "1"]
[White "Perez, Alberto"]
[Black "Horoshilov, Andrey"]
[Result "1-0"]
[WhiteElo "1730"]
[BlackElo "1744"]
[PlyCount "75"]
[EventDate "2018.??.??"]
[EventType "tourn (rapid)"]
[EventRounds "6"]
[SourceTitle "Corr 2022"]
[Source "ChessBase"]
[SourceDate "2021.10.24"]
[SourceVersion "1"]
[SourceVersionDate "2021.10.24"]
[SourceQuality "1"]

1. e4 c5 2. Nf3 d6 3. Nc3 Nf6 4. d4 cxd4 5. Nxd4 Nc6 6. Nb3 e5 7. Bc4 Be7 8. 0-0 0-0 9. h3 Na5 10. Nxa5 Qxa5 11. Be3 Qc7 12. Qe2 a6 13. Nd5 Nxd5 14. Bxd5 Kh8 15. c4 Be6 16. f4 Bxd5 17. cxd5 exf4 18. Bxf4 f6 19. Rac1 Qd7 20. Rc3 Rg8 21. Rfc1 g5 22. Rc7 Qe8 23. Be3 Bd8 24. Bd4 b5 25. Rb7 Rg7 26. Rxg7 Kxg7 27. Qg4 Ba5 28. Qxg5+ Qg6 29. Bxf6+ Kf7 30. Qh4 Qxf6 31. Rf1 Qxf1+ 32. Kxf1 Kg7 33. Qe7+ Kg8 34. Qxd6 Rf8+ 35. Ke2 Re8 36. e5 Rd8 37. Qxa6 Bc7 38. Qc6 1-0

[Event "FICGS rapid B 000291 email"]
[Site "FICGS email"]
[Date "2018.08.09"]
[Round "1"]
[White "Perez, Alberto"]
[Black "Rossi, Marzio"]
[Result "0-1"]
[WhiteElo "1730"]
[BlackElo "1800"]
[PlyCount "48"]
[EventDate "2018.??.??"]
[EventType "tourn (rapid)"]
[EventRounds "6"]
[SourceTitle "Corr 2022"]
[Source "ChessBase"]
[SourceDate "2021.10.24"]
[SourceVersion "1"]
[SourceVersionDate "2021.10.24"]
[SourceQuality "1"]

1. c4 e5 2. Nc3 Nf6 3. e4 Nc6 4. Nf3 Bc5 5. h3 d6 6. a3 a5 7. d3 0-0 8. Bg5 h6 9. Bd2 Nd4 10. Nxd4 Bxd4 11. b4 c6 12. Qc1 axb4 13. axb4 Rxa1 14. Qxa1 Qb6 15. Be2 Bxf2+ 16. Kf1 Bd4 17. Qa3 Be6 18. Bf3 Nd7 19. g4 Qd8 20. Ne2 Qa8 21. Qxa8 Rxa8 22. Nxd4 exd4 23. Ke2 Ne5 24. g5 hxg5 0-1

[Event "FICGS rapid B 000290 email"]
[Site "FICGS email"]
[Date "2018.08.02"]
[Round "1"]
[White "Perez, Alberto"]
[Black "Vollmer, Steve"]
[Result "1-0"]
[WhiteElo "1730"]
[BlackElo "1703"]
[PlyCount "61"]
[EventDate "2018.??.??"]
[EventType "tourn (rapid)"]
[EventRounds "6"]
[SourceTitle "Corr 2022"]
[Source "ChessBase"]
[SourceDate "2021.10.24"]
[SourceVersion "1"]
[SourceVersionDate "2021.10.24"]
[SourceQuality "1"]

1. d4 Nf6 2. c4 e6 3. g3 c5 4. e3 Be7 5. Bg2 d5 6. cxd5 exd5 7. dxc5 Bxc5 8. Nc3 Be6 9. Nge2 Nc6 10. 0-0 0-0 11. Nf4 d4 12. Nxe6 fxe6 13. exd4 Bxd4 14. Qb3 Qb6 15. Qxb6 axb6 16. Nb5 Bc5 17. Nc7 Ra4 18. Nxe6 Re8 19. Nxc5 bxc5 20. b3 Ra6 21. Be3 Nd7 22. Rfd1 Nde5 23. Bxc5 h6 24. f4 Ng4 25. Rd7 Ra5 26. b4 Ra4 27. Rxb7 Nd8 28. Rb8 Nf6 29. Rd1 Nf7 30. Rxe8+ Nxe8 31. Bc6 1-0

[Event "FICGS rapid B 000286 email"]
[Site "FICGS email"]
[Date "2018.07.01"]
[Round "1"]
[White "De la Foret, Fred"]
[Black "Perez, Alberto"]
[Result "1-0"]
[WhiteElo "1960"]
[BlackElo "1730"]
[PlyCount "31"]
[EventDate "2018.??.??"]
[EventType "tourn (rapid)"]
[EventRounds "6"]
[SourceTitle "Corr 2022"]
[Source "ChessBase"]
[SourceDate "2021.10.24"]
[SourceVersion "1"]
[SourceVersionDate "2021.10.24"]
[SourceQuality "1"]

1. e4 e6 2. d4 d5 3. Nc3 c5 4. exd5 exd5 5. dxc5 d4 6. Bb5+ Nc6 7. Qe2+ Be7 8. Ne4 Be6 9. Bf4 Qa5+ 10. Bd2 Qc7 11. Nf3 Rd8 12. b4 Nf6 13. 0-0 0-0 14. Bd3 Bg4 15. Nxf6+ Bxf6 16. Qe4 1-0

[Event "FICGS rapid B 000286 email"]
[Site "FICGS email"]
[Date "2018.07.01"]
[Round "1"]
[White "Perez, Alberto"]
[Black "Chezik, Barrett"]
[Result "1-0"]
[WhiteElo "1730"]
[BlackElo "1700"]
[PlyCount "39"]
[EventDate "2018.??.??"]
[EventType "tourn (rapid)"]
[EventRounds "6"]
[SourceTitle "Corr 2022"]
[Source "ChessBase"]
[SourceDate "2021.10.24"]
[SourceVersion "1"]
[SourceVersionDate "2021.10.24"]
[SourceQuality "1"]

1. c4 e5 2. d3 d6 3. Nc3 f6 4. g3 Ne7 5. Bg2 c6 6. f4 Ng6 7. Nf3 Bf5 8. e4 Bg4 9. Qb3 b6 10. 0-0 Bxf3 11. Bxf3 Nd7 12. Bd2 exf4 13. gxf4 c5 14. Nd5 Be7 15. Kh1 0-0 16. Rg1 Nh4 17. Raf1 g5 18. Bg4 Re8 19. Be1 Rb8 20. Bxh4 1-0

[Event "FICGS rapid C 000172 email"]
[Site "FICGS email"]
[Date "2018.06.28"]
[Round "1"]
[White "Perez, Alberto"]
[Black "Vollmer, Steve"]
[Result "1-0"]
[WhiteElo "1774"]
[BlackElo "1651"]
[PlyCount "73"]
[EventDate "2018.??.??"]
[EventType "tourn (rapid)"]
[EventRounds "4"]
[SourceTitle "Corr 2022"]
[Source "ChessBase"]
[SourceDate "2021.10.24"]
[SourceVersion "1"]
[SourceVersionDate "2021.10.24"]
[SourceQuality "1"]

1. c4 e5 2. Nc3 Nf6 3. e4 Nc6 4. a3 b6 5. d3 Bb7 6. Nf3 Be7 7. Be2 0-0 8. 0-0 a5 9. Nd5 d6 10. Be3 a4 11. Ne1 Nd4 12. Nxf6+ Bxf6 13. Bxd4 exd4 14. Nc2 c5 15. f4 b5 16. Ne1 bxc4 17. Bf3 cxd3 18. Nxd3 Be7 19. Qc2 Qb6 20. Rac1 Rfc8 21. e5 Bxf3 22. Rxf3 d5 23. Rh3 g6 24. f5 Bg5 25. Rf1 c4 26. e6 Ra7 27. Kh1 Qb3 28. Qe2 Be3 29. Ne5 f6 30. Nd7 Qd3 31. Qe1 Kg7 32. fxg6 hxg6 33. Rxf6 Rxd7 34. exd7 Rd8 35. Rhf3 Rxd7 36. Qb4 Qd1+ 37. Rf1 1-0

[Event "FICGS rapid C 000169 email"]
[Site "FICGS email"]
[Date "2018.06.10"]
[Round "1"]
[White "Perez, Alberto"]
[Black "Bouchard, Carl Felix"]
[Result "1-0"]
[WhiteElo "1774"]
[BlackElo "1507"]
[PlyCount "55"]
[EventDate "2018.??.??"]
[EventType "tourn (rapid)"]
[EventRounds "4"]
[SourceTitle "Corr 2022"]
[Source "ChessBase"]
[SourceDate "2021.10.24"]
[SourceVersion "1"]
[SourceVersionDate "2021.10.24"]
[SourceQuality "1"]

1. c4 e5 2. Nc3 Nf6 3. d3 Nc6 4. g3 Bc5 5. Bg2 d6 6. a3 a6 7. Nf3 d5 8. b4 Be7 9. Bb2 d4 10. Nb1 Be6 11. Nbd2 0-0 12. 0-0 Qc8 13. Ng5 h6 14. Nxe6 Qxe6 15. c5 Nd5 16. Qb3 Rad8 17. Rac1 Bg5 18. Rfd1 f5 19. a4 Rfe8 20. b5 Na5 21. Bxd5 Rxd5 22. Qa2 Bxd2 23. Rxd2 f4 24. Ba3 Rd7 25. Bb4 Nb3 26. c6 Nxd2 27. Qxe6+ Rxe6 28. cxd7 1-0

[Event "FICGS rapid B 000280 email"]
[Site "FICGS email"]
[Date "2018.05.30"]
[Round "1"]
[White "Perez, Alberto"]
[Black "Liwat, Lowell"]
[Result "1-0"]
[WhiteElo "1774"]
[BlackElo "1818"]
[PlyCount "43"]
[EventDate "2018.??.??"]
[EventType "tourn (rapid)"]
[EventRounds "6"]
[SourceTitle "Corr 2022"]
[Source "ChessBase"]
[SourceDate "2021.10.24"]
[SourceVersion "1"]
[SourceVersionDate "2021.10.24"]
[SourceQuality "1"]

1. c4 c5 2. g3 Nc6 3. Bg2 e5 4. Nc3 g5 5. d3 d6 6. Bd2 h6 7. a3 Be6 8. Qa4 Qd7 9. Nd5 Rc8 10. h4 g4 11. e3 f5 12. Ne2 Kf7 13. 0-0 b6 14. Bc3 Bxd5 15. Bxd5+ Kg6 16. f4 gxf3 17. Nf4+ exf4 18. Bxh8 fxg3 19. Rxf3 f4 20. Kg2 Nge7 21. Be4+ Kh5 22. Rxf4 1-0

[Event "FICGS rapid B 000277 email"]
[Site "FICGS email"]
[Date "2018.05.14"]
[Round "1"]
[White "Perez, Alberto"]
[Black "Horoshilov, Andrey"]
[Result "1-0"]
[WhiteElo "1774"]
[BlackElo "1800"]
[PlyCount "63"]
[EventDate "2018.??.??"]
[EventType "tourn (rapid)"]
[EventRounds "6"]
[SourceTitle "Corr 2022"]
[Source "ChessBase"]
[SourceDate "2021.10.24"]
[SourceVersion "1"]
[SourceVersionDate "2021.10.24"]
[SourceQuality "1"]

1. e4 e6 2. d4 d5 3. exd5 exd5 4. Nf3 Nf6 5. Be2 Be7 6. 0-0 Bg4 7. Bf4 Nbd7 8. Nbd2 0-0 9. c4 c5 10. h3 Bxf3 11. Nxf3 Nh5 12. Bh2 Nhf6 13. cxd5 Nxd5 14. Qb3 N7f6 15. Rad1 b6 16. Ba6 Bd6 17. Ne5 Qc7 18. Bc4 Qb7 19. dxc5 Bxe5 20. Bxe5 Rad8 21. Bd6 Rxd6 22. cxd6 Nf4 23. Qg3 N6h5 24. Qg4 b5 25. Bd5 Nxd5 26. Qxh5 Nf4 27. Qg4 Ne6 28. Rfe1 Nc5 29. d7 Ne6 30. Rxe6 fxe6 31. Qxe6+ Kh8 32. d8Q 1-0

[Event "FICGS rapid C 000163 email"]
[Site "FICGS email"]
[Date "2018.04.20"]
[Round "1"]
[White "Perez, Alberto"]
[Black "Anfruns, Salvador"]
[Result "0-1"]
[WhiteElo "1669"]
[BlackElo "1584"]
[PlyCount "46"]
[EventDate "2018.??.??"]
[EventType "tourn (rapid)"]
[EventRounds "4"]
[SourceTitle "Corr 2022"]
[Source "ChessBase"]
[SourceDate "2021.10.24"]
[SourceVersion "1"]
[SourceVersionDate "2021.10.24"]
[SourceQuality "1"]

1. e4 e5 2. Nf3 Nf6 3. d3 Nc6 4. Be2 d5 5. exd5 Nxd5 6. 0-0 Bf5 7. Ng5 Be7 8. Ne4 Nd4 9. Nbc3 Nb4 10. f4 Bxe4 11. Nxe4 Nbxc2 12. Rb1 f5 13. Ng3 g6 14. fxe5 c6 15. Bh6 Bg5 16. Nxf5 gxf5 17. Bh5+ Kd7 18. e6+ Kc7 19. Bg7 Qd5 20. Bxh8 Rxh8 21. Bf7 Ne3 22. Qd2 Qd6 23. b4 Ng4 0-1

[Event "FICGS rapid C 000160 email"]
[Site "FICGS email"]
[Date "2018.03.30"]
[Round "1"]
[White "Perez, Alberto"]
[Black "Romig, James"]
[Result "0-1"]
[WhiteElo "1669"]
[BlackElo "1878"]
[PlyCount "72"]
[EventDate "2018.??.??"]
[EventType "tourn (rapid)"]
[EventRounds "4"]
[SourceTitle "Corr 2022"]
[Source "ChessBase"]
[SourceDate "2021.10.24"]
[SourceVersion "1"]
[SourceVersionDate "2021.10.24"]
[SourceQuality "1"]

1. e4 Nf6 2. d3 d5 3. e5 Nfd7 4. d4 c5 5. c3 e6 6. f4 Nc6 7. Nf3 Be7 8. Bd3 Qb6 9. Bc2 cxd4 10. cxd4 Nb4 11. Ba4 Qa6 12. Nc3 Nd3+ 13. Kf1 Nxb2+ 14. Qe2 Qxe2+ 15. Kxe2 Nxa4 16. Nxa4 b5 17. Nb2 Ba6 18. Kd2 b4 19. Nd3 Rc8 20. Bb2 Nb6 21. Rab1 0-0 22. Rhc1 Bc4 23. Ra1 Na4 24. Nfe1 a5 25. Rc2 Rfd8 26. Nc1 Bf1 27. Ncd3 Rc4 28. Rac1 Rdc8 29. g3 Bh3 30. Ba1 h5 31. Nf2 Bf5 32. Ned3 Nb6 33. Nd1 Rxc2+ 34. Rxc2 Nc4+ 35. Ke2 Bg4+ 36. Ke1 Bxd1 0-1